Regional statistics in Europe

Gespeichert in:
Bibliographische Detailangaben
1. Verfasser: Sodomová, Eva
Weitere Verfasser: Labudová, Viera, 1958-
Format: Buchkapitel
Sprache:Englisch
Tags: Tag hinzufügen
Keine Tags, Fügen Sie das erste Tag hinzu!

MARC

LEADER 00000naa$a2200000$$$4500
001 0114386
005 20240502083303.7
041 0 |a eng 
044 |a PL 
245 1 0 |a Regional statistics in Europe  |c Eva Sodomová, Viera Labudová 
100 1 |a Sodomová, Eva 
700 1 |a Labudová, Viera, 1958-